[Event "Berlin Lichtenberger op 14th"]
[Site "Berlin"]
[Date "2015.08.19"]
[Round "5"]
[White "Pueschel, Werner"]
[Black "Dimitrijeski, Kristian"]
[Result "0-1"]
[WhiteElo "2049"]
[BlackElo "2158"]
[PlyCount "100"]
[EventDate "2015.08.15"]
[EventType "swiss"]
[EventRounds "9"]
[EventCountry "GER"]
[SourceTitle "EXT 2016"]
[Source "ChessBase"]
[SourceDate "2015.10.08"]
[SourceVersion "1"]
[SourceVersionDate "2015.10.08"]
[SourceQuality "1"]

1. f4 d5 2. e3 Nf6 3. Nf3 g6 4. b3 Bg7 5. Bb2 0-0 6. Be2 c5 7. 0-0 Nc6 8. Ne5 Qc7 9. Nxc6 Qxc6 10. d3 b5 11. a4 b4 12. Bf3 Bb7 13. Nd2 Qd7 14. Qe2 Rac8 15. Rad1 Qc7 16. Be5 Qb6 17. Kh1 e6 18. Bxf6 Bxf6 19. e4 Bg7 20. e5 Ba6 21. Qf2 c4 22. Qxb6 axb6 23. dxc4 dxc4 24. Be2 cxb3 25. Bxa6 bxc2 26. Rc1 Rc3 27. Rf3 Rd8 28. Rxc3 bxc3 29. Nf1 Rd2 30. Ne3 Rd4 31. Bb5 Rxf4 32. Rxc2 Bxe5 33. g3 Re4 34. Re2 Rxe3 35. Rxe3 c2 36. Re1 Bb2 37. Bd3 c1Q 38. Rxc1 Bxc1 39. g4 Kg7 40. Kg2 Kf6 41. Kf3 Ke5 42. Bb5 f5 43. h3 Kf6 44. Bd7 e5 45. Kg3 e4 46. gxf5 gxf5 47. Kf2 f4 48. Ke2 Ke5 49. Bb5 f3+ 50. Kf2 Kf4 0-1

[Event "Berlin Lichtenberger op 14th"]
[Site "Berlin"]
[Date "2015.08.17"]
[Round "3"]
[White "Pueschel, Werner"]
[Black "Krueger, Ekkehard"]
[Result "1-0"]
[WhiteElo "2049"]
[BlackElo "1813"]
[PlyCount "113"]
[EventDate "2015.08.15"]
[EventType "swiss"]
[EventRounds "9"]
[EventCountry "GER"]
[SourceTitle "EXT 2016"]
[Source "ChessBase"]
[SourceDate "2015.10.08"]
[SourceVersion "1"]
[SourceVersionDate "2015.10.08"]
[SourceQuality "1"]

1. Nf3 d5 2. c4 e6 3. b3 Nf6 4. g3 c5 5. Bg2 Nc6 6. Bb2 d4 7. 0-0 Bd6 8. d3 0-0 9. Nbd2 e5 10. a3 Re8 11. Ng5 Bf8 12. Qc2 Bg4 13. Rae1 Qd7 14. h3 Bf5 15. g4 Bg6 16. Bc1 h5 17. f3 Rad8 18. Rf2 Be7 19. Nf1 Nh7 20. gxh5 Bxh5 21. h4 Nxg5 22. hxg5 f6 23. Ng3 Bg6 24. f4 exf4 25. Bxf4 Rf8 26. Bd5+ Bf7 27. gxf6 Bxf6 28. Be4 Ne7 29. Qc1 Bg6 30. Bf3 Bh4 31. Rg2 Rf7 32. Rf1 Rdf8 33. Bg5 Qh3 34. Bxe7 Rxe7 35. Bd5+ Bf7 36. Nf5 Bxd5 37. Nxe7+ Bxe7 38. Rxf8+ Bxf8 39. cxd5 Qf5 40. Qg5 Qxg5 41. Rxg5 Kf7 42. Rf5+ Ke8 43. Kg2 Be7 44. Kf3 Bf6 45. Ke4 Kd7 46. Rf1 Kd6 47. Rh1 a5 48. a4 Kd7 49. Rh8 Kd6 50. Ra8 b6 51. Rc8 Kd7 52. Rc6 Bd8 53. Kf5 g5 54. Rg6 Kc7 55. Ke6 Kc8 56. d6 g4 57. Rxg4 1-0